000
00296nam a2200121Ia 4500
008
191201s2011 xx 000 0 und d
100
_a
GUPTA,J.B.
245
0
_a
Electronic Devices and Circuits
260
_a
N. delhi
_b
Katson
_c
2011
300
_a
1025
650
_a
B.Tech(ECE)
942
_2
ddc
_c
BK
_0
3
999
_c
6357
_d
6357